| 000 | 01166cam a22001934a 4500 | ||
|---|---|---|---|
| 005 | 20250605164103.0 | ||
| 008 | 250528s ||||||||||||||||||||||||d | ||
| 035 | _a17618 | ||
| 020 | _a9789608999831 | ||
| 040 |
_aGR-AtMCL _bgre _dGR-AtMCL _eAACR2 |
||
| 245 | 1 | _aΓκετοποίηση Τμήματος του Ιστορικού Κέντρου της Αθήνας και οι Συνέπειες του Φαινομένου στην Οικονομική Ζωή της Πόλης | |
| 260 |
_bΙνστιτούτο Τουριστικών Ερευνών Και Προβλέψεων, _c2011 |
||
| 300 | _a384 | ||
| 520 | _aΣύνοψη Μελέτης, Το Φαινόμενο της Γκετοποίησης Αστικού Χώρου, Το Μεταναστευτικό Ζήτημα, Αντεγκληματική Προστασία του Αστικού Χώρου, Παραοικονομία, Διαφθορά, Επιπτώσεις στην Τουριστική Αγορά, Αστικός Εξευγενισμός του Ιστορικού Κέντρου. | ||
| 700 | 1 |
_aΡερρές Κυριάκος Εμμ _93802 |
|
| 942 | _cBK | ||
| 999 |
_c3021 _d3021 |
||